| 000 | 00723cam a22002537a 4500 | ||
|---|---|---|---|
| 003 | CHAP | ||
| 005 | 20220329135802.0 | ||
| 008 | 971013s1992 r 00010 d | ||
| 010 | _a42096 | ||
| 011 | _a43068 | ||
| 035 | _a47198 | ||
| 040 | _cCHAP | ||
| 082 |
_a635.9333 _bM6 |
||
| 100 | 0 | 0 |
_aMoody, Mary _eed. _978043 |
| 245 | 1 | 4 | _aThe illustrated encyclopedia of roses |
| 260 |
_aPortland, Oregon : _bTimber Press, _c1992 |
||
| 300 |
_a304 p. _b: ilus. |
||
| 590 |
_aBATCH-UPD _b10 _c20130110 _lUCH01 _h1051 |
||
| 590 |
_aCONVERSION _b10 _c20130109 _lUCH01 _h1323 |
||
| 650 | 1 | 4 |
_aRosas. _999959 |
| 901 | _aBK | ||
| 942 | _cLIBRO | ||
| 949 |
_a635.9333 M6 _bBC _cESP _d33724000983193 _eESP _gI.174516 _h88857 _i47198 _sb _t149.88 |
||
| 999 |
_c42096 _d42096 |
||